A BIBLOGRAPHY OF THE WORKS OF ABU'L-RAIHANAL-BIRUNI (Record no. 9044)

MARC details
000 -LEADER
fixed length control field 00427nam a22001577a 4500
005 - DATE AND TIME OF LATEST TRANSACTION
control field 20260226170645.0
008 - FIXED-LENGTH DATA ELEMENTS--GENERAL INFORMATION
fixed length control field 260226b |||||||| |||| 00| 0 eng d
041 ## - LANGUAGE CODE
Language code of text/sound track or separate title eng
082 ## - DEWEY DECIMAL CLASSIFICATION NUMBER
Classification number 520.954-CHA-S
100 ## - MAIN ENTRY--AUTHOR NAME
Personal name KHAN ,AHMAD SAEED
245 ## - TITLE STATEMENT
Title A BIBLOGRAPHY OF THE WORKS OF ABU'L-RAIHANAL-BIRUNI
260 ## - PUBLICATION, DISTRIBUTION, ETC. (IMPRINT)
Place of publication NEW DELHI
Name of publisher INDIAN NATIONAL SCIENCE ACADEMY
Year of publication 1982
300 ## - PHYSICAL DESCRIPTION
Number of Pages 77;p
650 ## - SUBJECT ADDED ENTRY--TOPICAL TERM
Topical Term BGP
942 ## - ADDED ENTRY ELEMENTS (KOHA)
Koha item type Books
Holdings
Lost status Damaged status Home library Current library Shelving location Date acquired Source of acquisition Cost, normal purchase price Full call number Accession Number Koha item type
    JRU Library JRU Library KAUTILYA BOOK SANGRAH 21/02/2026 PURCHASE 120.00 509.2-KAH-A 29280 Books